[Event "Budapest FS03 FM"]
[Site "Budapest"]
[Date "2024.03.05"]
[Round "3"]
[White "Nagy, Peter"]
[Black "Bacsi, Andras"]
[Result "0-1"]
[WhiteElo "1687"]
[BlackElo "1771"]
[PlyCount "70"]
[EventDate "2024.03.02"]
[EventType "swiss"]
[EventRounds "9"]
[EventCountry "HUN"]
[SourceTitle "CB13_2024"]
[SourceDate "2024.03.27"]
[SourceVersion "1"]
[SourceVersionDate "2024.03.27"]
[SourceQuality "1"]

1. d4 Nf6 2. c4 e6 3. Nc3 Bb4 4. Qc2 0-0 5. g3 d5 6. cxd5 exd5 7. Bg2 c6 8. a3 Be7 9. Nf3 Nbd7 10. 0-0 Re8 11. b4 Nf8 12. Ne5 Ng6 13. f4 Bf8 14. Bb2 Bd6 15. Na4 Bd7 16. Nc5 Qc7 17. Rac1 Rad8 18. Rfe1 Bc8 19. Ncd3 Nd7 20. e4 dxe4 21. Bxe4 Ndf8 22. b5 Bxe5 23. Nxe5 Nxe5 24. dxe5 Qb6+ 25. Kh1 Qxb5 26. f5 Qa5 27. f6 g6 28. Rcd1 Be6 29. Qc1 Bd5 30. Bxd5 Rxd5 31. Bc3 Qd8 32. h3 Ne6 33. Rxd5 Qxd5+ 34. Kh2 Rd8 35. Qb2 Qf3 0-1

[Event "Budapest FS05 FM-B"]
[Site "Budapest"]
[Date "2012.05.10"]
[Round "6"]
[White "Nagy, Peter"]
[Black "Gruz, Janos"]
[Result "0-1"]
[WhiteElo "1538"]
[BlackElo "1858"]
[PlyCount "67"]
[EventDate "2012.05.05"]
[EventType "tourn"]
[EventRounds "11"]
[EventCountry "HUN"]
[SourceTitle "CBM 148 Extra"]
[Source "ChessBase"]
[SourceDate "2012.06.22"]
[SourceVersion "1"]
[SourceVersionDate "2012.06.22"]
[SourceQuality "1"]

1. Nf3 d6 2. e4 Nf6 3. Nc3 c6 4. d4 g6 5. Bg5 Bg7 6. Qd3 Bg4 7. 0-0-0 0-0 8. Bxf6 exf6 9. Qe3 Nd7 10. Rd2 a5 11. Ne1 Nb6 12. h3 Bd7 13. e5 fxe5 14. Qg3 exd4 15. Ne4 d5 16. Nc5 Qe7 17. Ned3 Bh6 18. f4 Bf5 19. Nb3 Bg7 20. Qf2 Bxd3 21. Bxd3 c5 22. Re2 Qd6 23. Bb5 a4 24. Nd2 c4 25. Nf3 Qc5 26. Qh4 Qxb5 27. Ng5 h6 28. Nf3 d3 29. cxd3 cxd3 30. Rd2 Rac8+ 31. Kd1 Nc4 32. Ke1 Nxd2 33. Nxd2 Rfe8+ 34. Kf1 0-1

[Event "HUN-chT U18"]
[Site "Miskolc"]
[Date "2009.10.26"]
[Round "1.9"]
[White "Nagy, Peter"]
[Black "Butkay, Gabor"]
[Result "1-0"]
[WhiteElo "2050"]
[BlackElo "1636"]
[PlyCount "37"]
[EventDate "2009.10.26"]
[EventType "team-swiss"]
[EventRounds "8"]
[EventCountry "HUN"]
[SourceTitle "EXT 2016"]
[Source "ChessBase"]
[SourceDate "2015.10.08"]
[SourceVersion "1"]
[SourceVersionDate "2015.10.08"]
[SourceQuality "1"]

1. e4 c5 2. Nf3 d6 3. Bb5+ Bd7 4. Bxd7+ Qxd7 5. 0-0 Nf6 6. d4 Nxe4 7. dxc5 Nxc5 8. Be3 Qb5 9. Bxc5 dxc5 10. Qd2 e6 11. Rd1 Be7 12. Nc3 Qc6 13. Ne5 Qc7 14. Nf3 0-0 15. Nb5 Qc6 16. c4 a6 17. Nc3 Rd8 18. Qxd8+ Bf8 19. Ne5 1-0

[Event "SVK-ch qf 37th corr"]
[Site "Slovakia"]
[Date "2005.??.??"]
[Round "?"]
[White "Hovorka, Andrej"]
[Black "Nagy, Peter"]
[Result "1-0"]
[WhiteElo "1923"]
[BlackElo "1961"]
[PlyCount "35"]
[EventDate "2005.05.16"]
[EventType "tourn (corr)"]
[EventRounds "10"]
[EventCountry "SVK"]
[SourceTitle "Corr 2008"]
[Source "ChessBase"]
[SourceDate "2008.06.24"]
[SourceVersion "1"]
[SourceVersionDate "2008.06.24"]
[SourceQuality "1"]

1. b3 d5 2. Bb2 Bg4 3. h3 Bh5 4. g3 Nc6 5. d4 e6 6. Bg2 Qf6 7. c3 Bd6 8. Nf3 Nge7 9. Ba3 Bxa3 10. Nxa3 Bxf3 11. Bxf3 h5 12. 0-0 e5 13. Nb5 0-0-0 14. Qd3 e4 15. Bxe4 dxe4 16. Qxe4 Qg5 17. Qd3 h4 18. g4 1-0

[Event "SVK-ch qf 37th corr"]
[Site "Slovakia"]
[Date "2005.??.??"]
[Round "?"]
[White "Kaminsky, Ladislav"]
[Black "Nagy, Peter"]
[Result "1/2-1/2"]
[WhiteElo "1922"]
[BlackElo "1961"]
[PlyCount "44"]
[EventDate "2005.05.16"]
[EventType "tourn (corr)"]
[EventRounds "10"]
[EventCountry "SVK"]
[SourceTitle "Corr 2008"]
[Source "ChessBase"]
[SourceDate "2008.06.24"]
[SourceVersion "1"]
[SourceVersionDate "2008.06.24"]
[SourceQuality "1"]

1. Nf3 Nf6 2. b3 c5 3. Bb2 e6 4. e3 Be7 5. c4 0-0 6. Be2 Nc6 7. 0-0 d5 8. d4 dxc4 9. Bxc4 cxd4 10. Nxd4 Nxd4 11. Bxd4 Bd7 12. Nd2 Bc6 13. Nf3 Nd7 14. Bb2 Bf6 15. Nd4 Bxd4 16. Qxd4 Qg5 17. g3 Nb6 18. h4 Qh6 19. Be2 Rfd8 20. Qc3 f6 21. Rfd1 Qg6 22. Rac1 e5 1/2-1/2

[Event "SVK-ch qf 37th corr"]
[Site "Slovakia"]
[Date "2005.??.??"]
[Round "?"]
[White "Moravec, Milan"]
[Black "Nagy, Peter"]
[Result "0-1"]
[WhiteElo "1989"]
[BlackElo "1961"]
[PlyCount "92"]
[EventDate "2005.05.16"]
[EventType "tourn (corr)"]
[EventRounds "10"]
[EventCountry "SVK"]
[SourceTitle "Corr 2008"]
[Source "ChessBase"]
[SourceDate "2008.06.24"]
[SourceVersion "1"]
[SourceVersionDate "2008.06.24"]
[SourceQuality "1"]

1. d4 Nf6 2. c4 e6 3. Nc3 Bb4 4. e3 0-0 5. Bd3 c5 6. Nf3 d5 7. 0-0 Nc6 8. cxd5 exd5 9. dxc5 Bxc5 10. b3 Bg4 11. Bb2 d4 12. exd4 Nxd4 13. Be2 Nxe2+ 14. Qxe2 Re8 15. Qd1 Qa5 16. Na4 Be7 17. Qd2 Qxd2 18. Nxd2 Rad8 19. Nf3 Bxf3 20. gxf3 Nh5 21. Rad1 Nf4 22. Nc3 Nd3 23. Ba1 Bb4 24. Ne4 f5 25. Ng3 g6 26. Bf6 Rd6 27. Bg5 Kf7 28. h4 Ne1 29. Rxd6 Bxd6 30. Be3 Rxe3 31. Nxf5 Nxf3+ 32. Kg2 gxf5 33. fxe3 Nxh4+ 34. Kh3 Be7 35. Rf4 h5 36. Ra4 a6 37. Rf4 b6 38. a4 a5 39. Rf1 Ke6 40. Rf4 Ng6 41. Rc4 Bc5 42. e4 f4 43. Kg2 Ke5 44. Kf3 Nh4+ 45. Ke2 f3+ 46. Kf1 Ng2 0-1

[Event "SVK-Cup14 sf4 corr"]
[Site "Slovakia"]
[Date "2005.??.??"]
[Round "?"]
[White "Nagy, Peter"]
[Black "Gabris, Vladimir"]
[Result "1-0"]
[WhiteElo "1961"]
[BlackElo "2046"]
[PlyCount "33"]
[EventDate "2005.04.01"]
[EventType "tourn (corr)"]
[EventRounds "6"]
[EventCountry "SVK"]
[SourceTitle "Corr 2008"]
[Source "ChessBase"]
[SourceDate "2008.06.24"]
[SourceVersion "1"]
[SourceVersionDate "2008.06.24"]
[SourceQuality "1"]

1. e4 e5 2. Nf3 Nc6 3. Bb5 a6 4. Ba4 Nf6 5. 0-0 Nxe4 6. d4 b5 7. Bb3 d5 8. dxe5 Be6 9. Nbd2 Nc5 10. c3 Be7 11. Bc2 Bg4 12. Re1 Qd7 13. Nf1 Rd8 14. Ne3 Bh5 15. b4 Ne6 16. Nf5 Nxe5 17. Rxe5 1-0

[Event "SVK-ch qf 37th corr"]
[Site "Slovakia"]
[Date "2005.??.??"]
[Round "?"]
[White "Nagy, Peter"]
[Black "Hovorka, Andrej"]
[Result "0-1"]
[WhiteElo "1961"]
[BlackElo "1923"]
[PlyCount "34"]
[EventDate "2005.05.16"]
[EventType "tourn (corr)"]
[EventRounds "10"]
[EventCountry "SVK"]
[SourceTitle "Corr 2008"]
[Source "ChessBase"]
[SourceDate "2008.06.24"]
[SourceVersion "1"]
[SourceVersionDate "2008.06.24"]
[SourceQuality "1"]

1. e4 c5 2. Nf3 Nc6 3. Bb5 e6 4. 0-0 Nge7 5. Re1 g6 6. c3 Bg7 7. d4 cxd4 8. cxd4 d5 9. e5 0-0 10. Nc3 Nf5 11. Bxc6 bxc6 12. b3 Nh4 13. Ba3 Re8 14. Nxh4 Qxh4 15. Na4 Ba6 16. Bd6 Bb7 17. Nc5 Bc8 0-1

[Event "SVK-ch qf 37th corr"]
[Site "Slovakia"]
[Date "2005.??.??"]
[Round "?"]
[White "Nagy, Peter"]
[Black "Kaminsky, Ladislav"]
[Result "1-0"]
[WhiteElo "1961"]
[BlackElo "1922"]
[PlyCount "51"]
[EventDate "2005.05.16"]
[EventType "tourn (corr)"]
[EventRounds "10"]
[EventCountry "SVK"]
[SourceTitle "Corr 2008"]
[Source "ChessBase"]
[SourceDate "2008.06.24"]
[SourceVersion "1"]
[SourceVersionDate "2008.06.24"]
[SourceQuality "1"]

1. e4 e5 2. Nf3 Nc6 3. Bb5 f5 4. Nc3 Nf6 5. exf5 e4 6. Nh4 d5 7. d3 exd3 8. Qxd3 Be7 9. Bg5 0-0 10. 0-0-0 Nb4 11. Qe3 c6 12. Be2 Bd6 13. Rhe1 Qa5 14. a3 Na6 15. Bxa6 Qxa6 16. Bf4 Bxf4 17. Qxf4 b5 18. g4 Qb7 19. g5 Nh5 20. Qf3 Qf7 21. Ne2 Bd7 22. Nd4 Rfe8 23. g6 hxg6 24. Nxg6 Nf6 25. Ne5 Qe7 26. Qh3 1-0

[Event "SVK-ch qf 37th corr"]
[Site "Slovakia"]
[Date "2005.??.??"]
[Round "?"]
[White "Nagy, Peter"]
[Black "Moravec, Milan"]
[Result "1-0"]
[WhiteElo "1961"]
[BlackElo "1989"]
[PlyCount "75"]
[EventDate "2005.05.16"]
[EventType "tourn (corr)"]
[EventRounds "10"]
[EventCountry "SVK"]
[SourceTitle "Corr 2008"]
[Source "ChessBase"]
[SourceDate "2008.06.24"]
[SourceVersion "1"]
[SourceVersionDate "2008.06.24"]
[SourceQuality "1"]

1. e4 c6 2. Nc3 d5 3. d4 dxe4 4. Nxe4 Bf5 5. Ng3 Bg6 6. h4 h6 7. Nf3 Nd7 8. h5 Bh7 9. Bd3 Bxd3 10. Qxd3 Qc7 11. Rh4 e6 12. Bf4 Bd6 13. Bxd6 Qxd6 14. Ne4 Qe7 15. 0-0-0 0-0-0 16. Qe3 Kb8 17. Qf4+ Ka8 18. Qd6 Qxd6 19. Nxd6 Rf8 20. Ne5 Nxe5 21. dxe5 Kb8 22. Rg4 Rh7 23. Ne4 f5 24. Nc5 g5 25. hxg6 Re7 26. g7 Rff7 27. Rd8+ Kc7 28. Rxg8 fxg4 29. Rc8+ Kxc8 30. g8Q+ Kc7 31. Nxe6+ Kd7 32. Nc5+ Kc7 33. Qa8 Kb6 34. b4 Rxe5 35. Qd8+ Kb5 36. a4+ Kc4 37. Qd3+ Kxb4 38. Qd4+ 1-0

[Event "SVK-Cup14 sf4 corr"]
[Site "Slovakia"]
[Date "2005.??.??"]
[Round "?"]
[White "Nagy, Peter"]
[Black "Voros, Jan"]
[Result "1/2-1/2"]
[WhiteElo "1961"]
[BlackElo "1863"]
[PlyCount "96"]
[EventDate "2005.04.01"]
[EventType "tourn (corr)"]
[EventRounds "6"]
[EventCountry "SVK"]
[SourceTitle "Corr 2008"]
[Source "ChessBase"]
[SourceDate "2008.06.24"]
[SourceVersion "1"]
[SourceVersionDate "2008.06.24"]
[SourceQuality "1"]

1. e4 e5 2. Nf3 Nc6 3. Bb5 Nf6 4. 0-0 Nxe4 5. d4 Nd6 6. Bxc6 dxc6 7. dxe5 Nf5 8. Qxd8+ Kxd8 9. Nc3 Ke8 10. h3 Be7 11. Ne2 Be6 12. Nf4 Rd8 13. Re1 Nd4 14. Nxd4 Rxd4 15. Be3 Re4 16. Nxe6 fxe6 17. Bxa7 Rxe1+ 18. Rxe1 b6 19. a4 Rf8 20. a5 Bc5 21. Re2 Kd7 22. axb6 cxb6 23. b4 Bxb4 24. Bxb6 c5 25. c3 Bxc3 26. Bxc5 Rf4 27. Bd6 Rc4 28. Rc2 Kc6 29. h4 Kd5 30. Kf1 Bd4 31. Rxc4 Kxc4 32. f4 Kd5 33. g3 Ke4 34. Ke2 g6 35. Bf8 Bb6 36. Bb4 Bd4 37. Be7 Bb6 38. Bf6 h5 39. Be7 Bd4 40. Bb4 Bb6 41. Be1 Bc5 42. Bf2 Bb4 43. Bb6 Be7 44. Ba7 Bb4 45. Kf2 Bc3 46. Kg2 Bd2 47. Bc5 Bc3 48. Kf2 Ba5 1/2-1/2

[Event "SVK-ch qf 37th corr"]
[Site "Slovakia"]
[Date "2005.??.??"]
[Round "?"]
[White "Pacholsky, Martin"]
[Black "Nagy, Peter"]
[Result "0-1"]
[WhiteElo "2071"]
[BlackElo "1961"]
[PlyCount "64"]
[EventDate "2005.05.16"]
[EventType "tourn (corr)"]
[EventRounds "10"]
[EventCountry "SVK"]
[SourceTitle "Corr 2008"]
[Source "ChessBase"]
[SourceDate "2008.06.24"]
[SourceVersion "1"]
[SourceVersionDate "2008.06.24"]
[SourceQuality "1"]

1. e4 e5 2. Nf3 Nc6 3. d4 exd4 4. Nxd4 Nf6 5. Nxc6 bxc6 6. e5 Qe7 7. Qe2 Nd5 8. c4 Nb6 9. Nd2 Qe6 10. b3 a5 11. Bb2 a4 12. g3 Bb4 13. Bg2 0-0 14. 0-0 d5 15. Nf3 a3 16. Bd4 c5 17. Be3 Ba6 18. Qc2 h6 19. cxd5 Nxd5 20. Bxc5 Bxf1 21. Nd4 Qxe5 22. Rxf1 Ne3 23. fxe3 Bxc5 24. Kh1 Ra6 25. Rf5 Qxe3 26. Qxc5 Rd6 27. Bd5 Rfd8 28. Nf3 Qxc5 29. Bxf7+ Kf8 30. Rxc5 Kxf7 31. Rxc7+ Kg8 32. Kg2 Re8 0-1